Ciencias sociales : segundo ciclo egb :

Guardado en:
Autor Principal: Gurevich, Raquel
Otros Autores: Fernández Caso, Victoria, Gónzalez, Diana, Novaro, Gabriela, Scaltritti, Mabel, Bargman, Daniel
Formato: Libro
Publicado: Buenos Aires : Ministerio de Educación Ciencia y Tecnología, 2007
Series:Cuadernos para el aula
Materias:
Nap
Etiquetas: Agregar Etiqueta
Sin Etiquetas, Sea el primero en etiquetar este registro!
LEADER 01336nam a22003375a 4500
001 CEM.cems013337
005 20100427095222.0
008 130507s2007##################000#0#####d
003 CEMS
020 |a 9789500005838 
082 0 4 |a 372.83 
100 1 |a Gurevich, Raquel 
245 1 0 |a Ciencias sociales :  |b segundo ciclo egb :  |c Raquel Gurevich ... [et Al.] 
260 |a Buenos Aires :  |b Ministerio de Educación Ciencia y Tecnología,  |c 2007 
300 |a 125 p. 
490 0 |a Cuadernos para el aula 
500 |a Núcleos de aprendizaje prioritario 
505 0 |a Enseñar ciencias sociales en el Segundo Ciclo -- Las sociedades y los espacios geográficos -- Las sociedades a través del tiempo -- Las actividades humanas y la organización social -- El diálog siempre abierto 
653 |a Educación 
653 |a Ciencias sociales 
653 |a Nap 
653 |a Núcleos de aprendizaje prioritario 
653 |a Ciencias sociales-nap 
653 |a Ciencias sociales-núcleos de aprendizaje prioritario 
700 1 |a Fernández Caso, Victoria 
700 1 |a Gónzalez, Diana 
700 1 |a Novaro, Gabriela 
700 1 |a Scaltritti, Mabel 
700 1 |a Bargman, Daniel 
859 |a CEMS  |b BIB. CEMS - 11 de abril  |h 372.83  |i G961  |p 25835.10  |t Ej.1  |v 5  |3 5 
859 |a CEMS  |b BIB. CEMS - 11 de abril  |h 372.83  |i G961  |p 25836.10  |t Ej.2  |v 5  |3 5